000 01120cam a2200349 a 4500
001 2899
003 FISKH
005 20240122161541.0
008 040429s2005 nyu b 000 1 eng
010 _a 2004009538
020 _a0399242643
020 _a9780571233243
040 _aDLC
_cDLC
_dDLC
_beng
042 _alcac
050 0 0 _aPZ7.B52285
_bFr 2005
082 0 0 _a[Fic]
_222
100 1 _aBirney, Betty G.
245 1 0 _aFriendship according to Humphrey /
_cBetty G. Birney.
250 _aThis edition published in 2007
260 _aNew York :
_bFaber & Faber,
_c2005
300 _a168 pages ;
_c20 cm
505 _aO
520 _aWhen Humphrey the hamster returns to Mrs. Brisbane's class after the winter break, a new class pet and some other surprises give him an opportunity to reflect on the meaning of friendship.
521 8 _a640
_bLexile
521 8 _aO
_bRaz-Plus
650 1 _aHamsters
_vFiction.
650 1 _aFrogs
_vFiction.
650 1 _aSchools
_vFiction.
650 1 _aFriendship
_vFiction.
906 _a7
_bcbc
_corignew
_d1
_eecip
_f20
_gy-gencatlg
942 _2ddc
_cBK
_n0
999 _c2899
_d2899